| 000 | 00702nam a2200217Ia 4500 | ||
|---|---|---|---|
| 003 | GCL | ||
| 008 | 140319s9999 xx 000 0 ara d | ||
| 040 |
_aGCL / _cGCL |
||
| 082 | 0 | 4 |
_a940 _bم م |
| 100 | 1 | _aليفية، جورج | |
| 245 | 1 | 0 |
_aموسوعة تاريخ اوروبا العام / _cليفية، جورج |
| 700 | 1 | _aدريفوس، فرنسوا جورج | |
| 700 | 1 | _aدوران، موسنة | |
| 260 |
_aبيروت : _bمنشورات عويدات |
||
| 300 |
_aمتعدد ؛ _c24 سم |
||
| 490 |
_aمنشورات عويدات _v0 |
||
| 650 | 0 | 4 | _aالعصر الحديث |
| 650 | 0 | 4 | _aالعصور الوسطى |
| 650 | 0 | 4 | _aعصر النهضة (1300 - 1494) |
| 942 |
_2ddc _cBK |
||
| 999 |
_c45083 _d45083 |
||